Teach yourself counselling / (Record no. 6426)
[ view plain ]
| 000 -LEADER | |
|---|---|
| fixed length control field | 00489nam a22001817a 4500 |
| 003 - CONTROL NUMBER IDENTIFIER | |
| control field | OSt |
| 005 - DATE AND TIME OF LATEST TRANSACTION | |
| control field | 20200120151907.0 |
| 008 - FIXED-LENGTH DATA ELEMENTS--GENERAL INFORMATION | |
| fixed length control field | 200120b ||||| |||| 00| 0 eng d |
| 020 ## - INTERNATIONAL STANDARD BOOK NUMBER | |
| International Standard Book Number | 9780340943267 |
| 040 ## - CATALOGING SOURCE | |
| Transcribing agency | 040a |
| 082 ## - DEWEY DECIMAL CLASSIFICATION NUMBER | |
| Classification number | 361.06 |
| Item number | MIL 1999 |
| 100 ## - MAIN ENTRY--PERSONAL NAME | |
| Relator code | Milne,Aileen |
| 245 ## - TITLE STATEMENT | |
| Title | Teach yourself counselling / |
| Statement of responsibility, etc. | Aileen Milne |
| 260 ## - PUBLICATION, DISTRIBUTION, ETC. (IMPRINT) | |
| Place of publication, distribution, etc. | London |
| Name of publisher, distributor, etc. | Hodder Education |
| Date of publication, distribution, etc. | 1999 |
| 300 ## - PHYSICAL DESCRIPTION | |
| Extent | xiii,283p; |
| Other physical details | ill: |
| Dimensions | 15 cm |
| 504 ## - BIBLIOGRAPHY, ETC. NOTE | |
| Bibliography, etc | Includes bibliographic references |
| 942 ## - ADDED ENTRY ELEMENTS (KOHA) | |
| Source of classification or shelving scheme | Dewey Decimal Classification |
| Koha item type | Open Shelf |
| Withdrawn status | Lost status | Source of classification or shelving scheme | Damaged status | Not for loan | Home library | Current library | Date acquired | Source of acquisition | Inventory number | Total Checkouts | Full call number | Barcode | Date last seen | Price effective from | Koha item type |
|---|---|---|---|---|---|---|---|---|---|---|---|---|---|---|---|
| Dewey Decimal Classification | MUST Main Library | MUST Main Library | 20/01/2020 | Donation | 2010/32205 | 361.06 MIL 1999 | 2020-0034 | 20/01/2020 | 20/01/2020 | Open Shelf |
